| 000 | 00652nam a22002417a 4500 | ||
|---|---|---|---|
| 001 | 0011938 | ||
| 003 | DO-SdBNP | ||
| 005 | 20180215084314.0 | ||
| 007 | 0011938 | ||
| 008 | 161208b 1982 pr ||||| |||| 00| 0 spa d | ||
| 020 | _a0847735052 | ||
| 040 |
_aBPMSU _bspa _cBPMSU |
||
| 100 | 1 | _aFeliciano Mendoza, Ester | |
| 245 | 1 |
_aCoquí / _cEster Feliciano Mendoza |
|
| 250 | _a3a ed. | ||
| 260 |
_aPuerto Rico : _bUniversidad de Puerto Rico, _c1982. |
||
| 300 |
_a68 p. : _bil., _c28 cm. |
||
| 490 | 1 | _aNiños y letras | |
| 830 | 0 | _aNiños y letras | |
| 942 |
_2ddc _cBK |
||
| 945 | _aInventariado, 2018 /LP | ||
| 956 |
_aBTAVÁREZ _b10 _c20161208 _d0011938 |
||
| 999 |
_c12368 _d12368 |
||